Every Track to Have Ever Hosted a Formula 1 Race - Statistics

General Stats
  • This quiz has been taken 10 times
  • The average score is 17 of 77
Answer Stats
Seasons Track Was Used Country Track Is In Track Name % Correct
1985-1995 Australia Adelaide Street Circuit
50%
1958 Morocco Ain-Diab Circuit
50%
1996-2019, 2022-Present Australia Albert Park Circuit
50%
1951-1954, 1956-1958, 1961-1969,1971-1976, 1984-1985, 1995-2007, 2009, 2011, 2013, 2020 Germany Nurburgring
50%
2020-2021 Portugal Algarve International Circuit
38%
1973-1977, 1979-1980, 1990-20192021-Present Brazil Autodromo Jose Carlos Pace
38%
1959 Germany AVUS
38%
2011-2013 India Buddh International Circuit
38%
1950, 1955-2019, 2021-Present Monaco Circuit de Monaco
38%
1971, 1973, 1975-1976, 1978, 1980,1982-1983, 1985-1990, 2018-2019, 2021-2022 France Circuit Paul Ricard
38%
1993 United Kingdom Donington Park
38%
1970-1987, 1997-2003, 2014-Present Austria Red Bull Ring
38%
1950-1954, 1956, 1958, 1960, 1963, 1965,1967, 1971, 1973, 1975, 1977, 1979, 1981, 1983, 1985, 1987-Present United Kingdom Silverstone Circuit
38%
1980-2006, 2020-2022, 2024 Italy Autodromo Enzo e Dino Ferrari
25%
1963-1970,1986-19922015-2019, 2021-Present Mexico Autodromo Hermanos Rodriguez
25%
2004-2010, 2012-Present Bahrain Bahrain International Circuit
25%
2016-2019, 2021-Present Azerbaijan Baku City Circuit
25%
1964, 1966, 1968, 1970, 1972, 1974, 1976,1978, 1980, 1982-1986 United Kingdom Brands Hatch Circuit
25%
1950-1954 Switzerland Circuit Bremgarten
25%
1991-Present Spain Circuit de Barcelona-Catalunya
25%
1950-1956, 1958, 1960-1968, 1970, 1983,1985-2002,, 2004-2005, 2007-Present Belgium Circuit de Spa-Francorchamps
25%
1974, 1977, 1979, 1981-1982, 1984 France Circuit Dijon-Prenois
25%
1978-1986, 1988-2008, 2010-2019, 2021-Present Canada Circuit Gilles-Villeneuve
25%
2012-2019, 2021-Present United States Circuit of the Americas
25%
1952-1953, 1955, 1958-1971, 1973-1985,2021-Present Netherlands Circuit Zandvoort
25%
1973, 1975-1982, 1984 Belgium Circuit Zolder
25%
1970, 1977-1984, 1986-2006, 2008, 2010,2012, 2014, 2016, 2018-2019 Germany Hockenheimring
25%
1986-Present Hungary Hungaroring
25%
2021-Present Saudi Arabia Jeddah Corniche Circuit
25%
2021, 2023-Present Qatar Lusail International Circuit
25%
2008-2019, 2022-Present Singapore Marina Bay Street Circuit
25%
2022-Present United States Miami International Autodrome
25%
1972, 1974 Belgium Nivelles-Baulers
25%
1957 Italy Pescara Circuit
25%
1962-1963, 1965 South Africa Prince George Circuit
25%
1973-1978 Sweden Scandinavian Raceway
25%
1999-2017 Malaysia Sepang International Circuit
25%
2004-2019, 2024 China Shanghai International Circuit
25%
1987-2006, 2009-2019, 2022-Present Japan Suzuka International Racing Course
25%
1994-1995 Japan TI Circuit Aida
25%
2008-2012 Spain Valencia Street Circuit
25%
1961-1980 United States Watkins Glen International
25%
2009-Present UAE Yas Marina Circuit
25%
1955, 1957, 1959, 1961-1962 United Kingdom Aintree Motor Racing Circuit
13%
1984-1996 Portugal Autodromo do Estoril
13%
2020 Italy Autodromo Internazionale del Mugello
13%
1953-1958, 1960, 1972-1975, 1977-19811995-1998 Argentina Autodromo Oscar y Juan Galvez
13%
1967 France Bugatti Au Mans
13%
1981-1982 United States Caesars Palace Grand Prix Circuit
13%
1965, 1969-1970, 1972 France Charade Circuit
13%
1991-2008 France Circuit de Nevers Magny-Cours
13%
1951, 1954 Spain Circuit de Pedralbes
13%
1950-1951, 1953-1954, 1956, 1958-1961,1963, 1966 France Circuit de Reims-Gueux
13%
1968, 1970 Canada Circuit Mont-Tremblant
13%
1958, 1960 Portugal Circuito da Boavista
13%
1959 Portugal Circuito de Monsanto
13%
1986-1990, 1994, 1997 Spain Circuito Permanente de Jerez
13%
1984 United States Dallas Fair Park
13%
1982-1988 United States Detroit Street Circuit
13%
1976-1977, 2007-2008 Japan Fuji Speedway
13%
1950-1960, 2000-2007 United States Indianapolis Motor Speedway
13%
2005-2011, 2020-2021 Turkey Intercity Istanbul Park
13%
2010-2013 South Korea Korea International Circuit
13%
1967-1980, 1982-1985, 1992-1993 South Africa Kyalami Grand Prix Circuit
13%
2023-Present United States Las Vegas Strip Circuit
13%
1976-1983 United States Long Beach Street Circuit
13%
1967, 1969, 1971-1974, 1976-1977 Spain Montjuic Circuit
13%
1967, 1969, 1971-1974, 1976-1977 Canada Mosport International Raceway
13%
1989-1991 United States Phoenix Street Circuit
13%
1960 United States Riverside International Raceway
13%
1952, 1957, 1962, 1964, 1968 France Rouen-Les-Essarts
13%
1959 United States Sebring Raceway
13%
2014-2021 Russia Sochi Autodrome
13%
1964 Austria Zeltweg Airfield
13%
1978, 1981-1989 Brazil Autodromo Internacional do Rio de Jeneiro
0%
1950-1979, 1981-Present Italy Autodromo Internazionale di Monza
0%
1968, 1970, 1972, 1974, 1976-1979, 1981 Spain Circuito Permanente de Jarama
0%
No matching quizzes found
Score Distribution
Percent of People with Each Score
Percentile by Number Answered
Your Score History
You have not taken this quiz